| 000 | 00598nam a2200193 u 4500 | ||
|---|---|---|---|
| 001 | 000756284 | ||
| 003 | AM-YeHGA | ||
| 005 | 20250617143701.0 | ||
| 008 | 100823s1984 ||| r 000 0 rus d | ||
| 040 | _aAM-YeHGA | ||
| 041 | 1 |
_arus _heng |
|
| 100 | 1 |
_aЛондон, Джек _d1876-1916. |
|
| 245 | 1 | 0 |
_aПовести / _cДжек Лондон. |
| 260 |
_aМинск : _bНаука и техника, _c1984. |
||
| 300 | _a256 с. | ||
| 440 | 0 | _aБиблиотека отечественной и зарубежной классики | |
| 653 | 0 | _aСобаки (х. л.) | |
| 090 | _c281458 | ||
| 999 |
_c279805 _d279805 |
||